000
00292nam a22001337a 4500
008
181205b xxu||||| |||| 00| 0 eng d
020
_a
9780123705013
041
_a
eng
080
_a
573
100
_a
11
101
_a
BIO
245
_a
Bioconjugate Techniques
_c
Grag.t.h
942
_2
udc
_c
BK
999
_c
52903
_d
52903